| 000 | 00839nam a2200253 a 4500 | ||
|---|---|---|---|
| 001 | 000020823 | ||
| 003 | OSt | ||
| 005 | 20240305135410.0 | ||
| 008 | 100818s2007 es a 001 f spa d | ||
| 020 | _a9788420471839 | ||
| 040 |
_aDO-SdBNP _bspa _cBNPHU |
||
| 082 |
_aC863.44 _bG216c |
||
| 100 | 1 |
_aGarcía Márquez, Gabriel, _b1928-2014 _91804 |
|
| 245 | 1 | 0 |
_aCien años de soledad / _cGabriel García Márquez. |
| 250 | _aEdición conmemorativa | ||
| 260 |
_a[Bogota] : _bReal Academia Española, _c2007. |
||
| 300 |
_acxxxviii, 609 p. : _bil., retrs. ; _c21 cm. |
||
| 500 | _aTexto revisado por el autor para esta edición. | ||
| 600 | 1 | 0 |
_aGarcía Márquez, Gabriel, _b1928-2014 _91804 |
| 650 | 4 |
_aNovela colombiana _91243 |
|
| 650 | 4 |
_aLiteratura colombiana _91244 |
|
| 910 | _aValidado. Control de calidad MFF | ||
| 942 |
_2ddc _cLF1 |
||
| 999 |
_c20327 _d20327 |
||